000 00228nam a2200097Ia 4500
008 190216s9999||||xx |||||||||||||| ||und||
100 _aBabu Joseph
245 0 _aPregarthiyude Balangal
260 _bKerala Basha Inst
942 _cBK
999 _c37625
_d37625